All Countries Starting With E - Statistics

General Stats
  • This quiz has been taken 28 times
  • The average score is 9 of 9
Answer Stats
Answer % Correct
Ecuador
100%
Equatorial Guinea
100%
East Timor
96%
Eritrea
96%
Estonia
96%
Eswatini
96%
Ethiopia
96%
Egypt
93%
El Salvador
81%
No matching quizzes found
Score Distribution
Percent of People with Each Score
Percentile by Number Answered
Your Score History
You have not taken this quiz